El español de América
Kaydedildi:
| Yazar: | |
|---|---|
| Materyal Türü: | Kitap |
| Dil: | Undetermined |
| Baskı/Yayın Bilgisi: |
Cartago, Costa Rica
Editorial Tecnológica de Costa Rica
2002
|
| Edisyon: | 2 |
| Konular: | |
| Etiketler: |
Etiketle
Etiket eklenmemiş, İlk siz ekleyin!
|
MARC
| LEADER | 00000nam a2200000Ia 4500 | ||
|---|---|---|---|
| 008 | 170316s9999 xx 000 0 und d | ||
| 090 | |a 410 Q-3esa | ||
| 100 | |a Quesada Pacheco, Miguel Angel | ||
| 245 | |a El español de América | ||
| 250 | |a 2 | ||
| 260 | |a Cartago, Costa Rica | ||
| 260 | |b Editorial Tecnológica de Costa Rica | ||
| 260 | |c 2002 | ||
| 300 | |a 226 páginas | ||
| 650 | |a LINGÜÍSTICA | ||
| 650 | |a ESPAÑOL | ||
| 650 | |a MORFOLOGÍA | ||
| 650 | |a SINTAXIS | ||
| 650 | |a FONÉTICA | ||
| 650 | |a DIALECTOS | ||
| 650 | |a EL ACENTO | ||
| 650 | |a FONOLOGIA | ||
| 650 | |a LA ENTONACIÓN | ||
| 650 | |a MORFOSINTAXIS | ||
| 650 | |a EL LÉXICO DEL ESPAÑOL | ||
| 999 | |c 18692 |d 18692 | ||
| 040 | |a cru BVZT | ||
| 942 | |c 15 D |h 410 Q-3esa |2 z | ||
